000 00601nam a22001935i 4500
001 68635
003 ES-MaACL
005 20250805064135.0
007 t|
008 960811q18401898sp ||||1| spa d
040 _aCAM
_bspa
_cCAM
100 1 _aGautier, Théophile,
_d1811-1872
_9170960
245 1 0 _aBajo las bombas prusianas
_b: París sitiado /
_cpor Teófilo Gautier.
260 _aMadrid :
_bLa España Moderna,
_c[18--] (
_fAvrial)
300 _a301, [1] p. ;
_c17 cm.
500 _aEl impresor trabaja entre 1840 y 1898.
852 _aES-MaACL
_jA-4713
999 _c68635
_d68635